Statistiken für Zeichnen Sie alle deutschen Staatsgrenzen ein

Klicken Sie hier um das Quiz zu spielen!

Allgemein

  • Dieses Quiz wurde 277 mal gespielt
  • Das Durchschnittsergebnis liegt bei 27 aus 29

Antworten auf der Karte

Die Antworten werden auf der Karte rot bzw. grün angezeigt, abhängig davon wie oft sie richtig erraten wurden.
 

Antwortstatistiken

Antwort% Korrekt
Baden-Württemberg - Bayern
97%
Berlin - Brandenburg
95%
Bremen - Niedersachsen
95%
Bayern - Hessen
94%
Hamburg - Niedersachsen
94%
Sachsen - Thüringen
94%
Baden-Württemberg - Hessen
93%
Bayern - Thüringen
93%
Nordrhein-Westfalen - Niedersachsen
93%
Sachsen - Brandenburg
93%
Baden-Württemberg - Rheinland-Pfalz
92%
Bayern - Sachsen
92%
Hessen - Niedersachsen
92%
Mecklenburg-Vorpommern - Brandenburg
92%
Niedersachsen - Schleswig-Holstein
92%
Rheinland-Pfalz - Saarland
92%
Sachsen - Sachsen-Anhalt
92%
Schleswig-Holstein - Mecklenburg-Vorpommern
92%
Hessen - Thüringen
91%
Rheinland-Pfalz - Hessen
91%
Hessen - Nordrhein-Westfalen
90%
Rheinland-Pfalz - Nordrhein-Westfalen
90%
Sachsen-Anhalt - Niedersachsen
90%
Mecklenburg-Vorpommern - Niedersachsen
89%
Niedersachsen - Brandenburg
89%
Niedersachsen - Thüringen
89%
Thüringen - Sachsen-Anhalt
89%
Hamburg - Schleswig-Holstein
87%
Sachsen-Anhalt - Brandenburg
87%

Verteilung der Resultate

Perzentil nach korrekt beantworteten Fragen

Anzahl Personen mit jedem Resultat

Ihre Resultats-Entwicklung

Sie haben dieses Quiz noch nicht gespielt